000 01039nam a2200241Ia 4500
999 _c6678
_d6678
003 OSt
005 20200508120952.0
008 191128s2009 ck gr 000 0dspa d
040 _aCO-JMCR
_cCO-JMCR
041 0 _aspa
082 0 4 _a307.12 /
_bP784o
100 1 _aPombo Cajiao, Rodrigo,
_eautor
_94105
245 1 0 _aOrdenamiento, organización y gobierno territorial en Colombia :
_bvisión desde la glocalización y el protonacionalismo /
_cRodrigo Pombo Cajiao, David Buitrago Caicedo, María del Pilar Medina Sánchez, Alejandro Henao Mesa, Felipe Osorio Vieira
260 _aBogotá :
_bKonrad Adenauer Stiftung : Corporación Pensamiento siglo XXI,
_c2009
300 _a47 páginas ;
_c32 cm.
504 _aIncluye bibliografía.
650 1 4 _aOrdenamiento territorial
_xGobierno local
_94106
700 1 _aDavid Buitrago Caicedo,
_eautor
_94107
700 1 _aMaría del Pilar Medina Sánchez,
_eautora
_94108
700 1 _aAlejandro Henao Mesa,
_eautora
_94109
700 1 _aFelipe Osorio Vieira
_eautor
_94110
942 _2ddc
_cBK